[Event "Campeonato Pan-Americano Sub-20 Absoluto"]
[Site "CXSP, São Paulo"]
[Date "2012.07.02"]
[Round "7.4"]
[White "Torres, Juan Camilo"]
[Black "Martinez Alcantara, Jose Eduard"]
[Result "0-1"]
[WhiteElo "2337"]
[BlackElo "2135"]
[PlyCount "134"]
[EventDate "2012.06.29"]

1. d4 Nf6 2. c4 c5 3. Nf3 cxd4 4. Nxd4 e6 5. Nc3 Bb4 6. Bd2 Nc6 7. Nc2 Bc5 8.
Be3 Qe7 9. Bxc5 Qxc5 10. e3 O-O 11. Be2 Rd8 12. a3 d5 13. b4 Qe7 14. c5 e5 15.
O-O d4 16. exd4 Nxd4 17. Nxd4 Rxd4 18. Qc2 Bd7 19. Rad1 b6 20. Nb5 Bxb5 21.
Bxb5 bxc5 22. Qxc5 Qxc5 23. bxc5 Rc8 24. Rxd4 exd4 25. c6 Ne4 26. Re1 Nc5 27.
Re5 Ne6 28. Kf1 Kf8 29. Ba4 Ke7 30. Ra5 Rc7 31. Rd5 Nd8 32. Rxd4 Nxc6 33. Rc4
Kd6 34. g3 Ne5 35. Rxc7 Kxc7 36. Bb3 f6 37. Ke2 Kd6 38. f4 Nc6 39. Kd3 Kc5 40.
Ke4 f5+ 41. Kd3 Ne7 42. Be6 Kd6 43. Bf7 Kc5 44. Kc3 h6 45. Bb3 Nc8 46. Bc2 Nd6
47. Bd3 g6 48. Bc2 Nb5+ 49. Kd3 Nxa3 50. Bb3 Nb5 51. Bf7 g5 52. fxg5 hxg5 53.
h4 gxh4 54. gxh4 Kd6 55. Bc4 Nc7 56. Ke3 Ke5 57. h5 Ne6 58. h6 Ng5 59. Bg8 f4+
60. Kd3 Kf6 61. Bd5 Kg6 62. Kc4 f3 63. Kb5 f2 64. Bc4 Nf3 65. Ka6 Ne5 66. Bb5
Nc6 67. Bf1 Kxh6 0-1

[Event "Campeonato Pan-Americano Sub-20 Absoluto"]
[Site "CXSP, São Paulo"]
[Date "2012.07.02"]
[Round "7.6"]
[White "Finol Berrueta, David Emmanuel"]
[Black "Cuellar, Diego"]
[Result "0-1"]
[WhiteElo "2210"]
[BlackElo "2269"]
[PlyCount "106"]
[EventDate "2012.06.29"]

1. e4 e5 2. Nf3 Nc6 3. Bc4 Bc5 4. d3 Nf6 5. O-O d6 6. c3 a6 7. Bb3 Ba7 8. Nbd2
O-O 9. h3 h6 10. Re1 Nh5 11. Nf1 Qf6 12. Be3 Nf4 13. Ng3 g6 14. d4 h5 15. a4
Ne7 16. Nh2 Be6 17. Bc2 Kh8 18. Qf3 Kg7 19. dxe5 dxe5 20. Bxf4 Qxf4 21. Qxf4
exf4 22. Ne2 g5 23. h4 f6 24. Nf3 Bg4 25. Nfd4 c5 26. Nf5+ Nxf5 27. exf5 f3 28.
Ng3 gxh4 29. Nf1 fxg2 30. Kxg2 h3+ 31. Kg1 Rae8 32. Nh2 c4 33. Kf1 Bb8 34. Nxg4
hxg4 35. Re4 Rxe4 36. Bxe4 Rd8 37. Bxb7 Rd2 38. Re1 Rxb2 39. Bd5 Kh6 40. Re4
Kg5 41. Rxc4 Ba7 42. Rc7 Rxf2+ 43. Ke1 Rxf5 44. c4 Bf2+ 45. Ke2 Bd4 46. Kd3 Be5
47. Rh7 Bd6 48. Be6 Rf3+ 49. Ke2 f5 50. Bd5 Ra3 51. Rd7 Bc5 52. Bc6 g3 53. Rh7
g2 0-1

[Event "Campeonato Pan-Americano Sub-20 Absoluto"]
[Site "CXSP, São Paulo"]
[Date "2012.07.02"]
[Round "7.7"]
[White "Lopez, Jasel"]
[Black "Leiva, Giuseppe"]
[Result "0-1"]
[WhiteElo "2152"]
[BlackElo "2232"]
[PlyCount "60"]
[EventDate "2012.06.29"]

1. d4 Nf6 2. c4 e6 3. Nf3 b6 4. g3 Bb7 5. Bg2 Be7 6. O-O O-O 7. Nc3 Ne4 8. Nxe4
Bxe4 9. b3 d6 10. Bb2 Nd7 11. Qd2 Qc8 12. Ne1 Bxg2 13. Kxg2 c5 14. Nc2 Qb7+ 15.
f3 Rfd8 16. Rfd1 b5 17. cxb5 Qxb5 18. Na3 Qa6 19. dxc5 Nxc5 20. Nc4 Rac8 21.
Rdc1 d5 22. Na5 Bg5 23. Qxg5 Qxe2+ 24. Kh3 Qxb2 25. Rxc5 Qxa1 26. Nc6 h6 27.
Qe3 d4 28. Qe5 Qf1+ 29. Kh4 Rxc6 30. Rxc6 Qxf3 0-1

[Event "Campeonato Pan-Americano Sub-20 Absoluto"]
[Site "CXSP, São Paulo"]
[Date "2012.07.02"]
[Round "7.8"]
[White "Devescovi Parreira, Pedro Paulo"]
[Black "Quintiliano Pinto, Renato R"]
[Result "1-0"]
[WhiteElo "2085"]
[BlackElo "2272"]
[PlyCount "83"]
[EventDate "2012.06.29"]

1. d4 d5 2. c4 e6 3. cxd5 exd5 4. Nc3 c6 5. Qc2 Bd6 6. Nf3 Ne7 7. Bg5 f6 8. Bh4
Bf5 9. Qb3 b5 10. Bg3 a5 11. a4 b4 12. Nb1 Bxg3 13. hxg3 Nd7 14. Nbd2 c5 15.
dxc5 Nxc5 16. Qe3 Rc8 17. Nd4 O-O 18. N2b3 Nxb3 19. Qxb3 Qd7 20. e3 Rc5 21. Rd1
Rfc8 22. Bb5 Qd6 23. O-O Bg6 24. Rd2 Rc1 25. Rfd1 Bh5 26. Be2 Bf7 27. Bf3 Qc5
28. Kh2 h5 29. Qd3 Rxd1 30. Bxd1 Qc4 31. Bb3 Qxd3 32. Rxd3 Rc1 33. Nb5 Nc6 34.
f4 Ne7 35. e4 Re1 36. Bxd5 Bxd5 37. exd5 Nf5 38. d6 Ne3 39. g4 h4 40. d7 Nxg4+
41. Kh3 Nf2+ 42. Kxh4 1-0

[Event "Campeonato Pan-Americano Sub-20 Absoluto"]
[Site "CXSP, São Paulo"]
[Date "2012.07.02"]
[Round "7.9"]
[White "Gaitan, Juan Manuel"]
[Black "Massarioli, Felipe Alvarenga"]
[Result "1/2-1/2"]
[WhiteElo "2271"]
[BlackElo "2027"]
[PlyCount "33"]
[EventDate "2012.06.29"]

1. d4 d5 2. c4 c6 3. Nc3 Nf6 4. cxd5 cxd5 5. Bf4 e6 6. Nf3 Bd6 7. Ne5 O-O 8. e3
Nc6 9. Nxc6 bxc6 10. Bxd6 Qxd6 11. Rc1 Qb4 12. Qd2 Rb8 13. b3 c5 14. dxc5 Qxc5
15. Be2 Bd7 16. Bf3 Qb4 17. O-O 1/2-1/2

[Event "Campeonato Pan-Americano Sub-20 Absoluto"]
[Site "CXSP, São Paulo"]
[Date "2012.07.02"]
[Round "7.10"]
[White "Chiari, Arthur Gontijo"]
[Black "Mamani, Joan Franco"]
[Result "1-0"]
[WhiteElo "2008"]
[BlackElo "2157"]
[PlyCount "109"]
[EventDate "2012.06.29"]

1. e4 e5 2. Nf3 Nc6 3. Bb5 a6 4. Ba4 Nf6 5. d3 b5 6. Bb3 Be7 7. O-O O-O 8. Re1
d6 9. c3 Na5 10. Bc2 c5 11. Nbd2 Nc6 12. Nf1 Re8 13. h3 Qc7 14. d4 cxd4 15.
cxd4 Bb7 16. d5 Nb4 17. Bb1 a5 18. Qe2 Reb8 19. Bg5 Bc8 20. Rc1 Qd8 21. Be3 a4
22. Ng3 Qe8 23. Qe1 Na6 24. b4 axb3 25. axb3 b4 26. Bd3 Nd7 27. Bxa6 Bxa6 28.
Ra4 Bf8 29. Rca1 Qc8 30. Rxb4 Nf6 31. Rc1 Qd8 32. Rxb8 Rxb8 33. Qc3 g6 34. Nd2
Rc8 35. Qb2 Nd7 36. Rxc8 Qxc8 37. b4 Bb5 38. Nb1 Nb8 39. Nc3 Qc4 40. Qa3 Na6
41. Nxb5 Qxb5 42. Qa5 Qb7 43. b5 Nc5 44. b6 Qc8 45. Bxc5 dxc5 46. Qb5 Bd6 47.
Qc6 Qd8 48. Nf1 c4 49. Ne3 c3 50. b7 Qc7 51. Qxc7 Bxc7 52. Kf1 Kf8 53. Ke2 Ke7
54. Kd3 Kd6 55. Nc4+ 1-0

[Event "Campeonato Pan-Americano Sub-20 Absoluto"]
[Site "CXSP, São Paulo"]
[Date "2012.07.02"]
[Round "7.12"]
[White "Goncalves, Ivan Mesquita V"]
[Black "Goncalves, Leonardo Yamamoto Po"]
[Result "1/2-1/2"]
[WhiteElo "2100"]
[BlackElo "1848"]
[PlyCount "102"]
[EventDate "2012.06.29"]

1. Nf3 Nf6 2. c4 d6 3. d4 Nbd7 4. Nc3 c6 5. Bg5 e5 6. e3 Be7 7. Be2 O-O 8. O-O
Re8 9. Qc2 Qc7 10. Rfd1 Bf8 11. b4 e4 12. Nd2 d5 13. Bf4 Qd8 14. b5 Bb4 15. a3
Ba5 16. bxc6 bxc6 17. Nb3 Bc7 18. Bxc7 Qxc7 19. Rac1 Rb8 20. Na4 Qd8 21. Nac5
Qe7 22. Nxd7 Bxd7 23. Nc5 Bf5 24. Rb1 Nd7 25. Nxd7 Bxd7 26. Rxb8 Rxb8 27. Rb1
Rxb1+ 28. Qxb1 Qxa3 29. Qb8+ Qf8 30. Qxa7 Qe8 31. c5 g6 32. Ba6 Kf8 33. Kf1 Qd8
34. Qb6 Qe8 35. Ke1 Kg7 36. Kd2 Qe6 37. Qc7 Qf5 38. Qe5+ Qxe5 39. dxe5 Kf8 40.
Kc3 Ke7 41. Kd4 Be6 42. Kc3 Kd7 43. h4 h6 44. f3 Bf5 45. Kd4 exf3 46. gxf3 Be6
47. Bd3 Bh3 48. f4 h5 49. e4 dxe4 50. Bxe4 Bf5 51. Bf3 Bc2 1/2-1/2

[Event "Campeonato Pan-Americano Sub-20 Absoluto"]
[Site "CXSP, São Paulo"]
[Date "2012.07.02"]
[Round "7.13"]
[White "Vasconcelos, Paulo Cesar Da S"]
[Black "Sztokbant, Bernardo Vainzoff"]
[Result "0-1"]
[WhiteElo "1842"]
[BlackElo "2093"]
[PlyCount "126"]
[EventDate "2012.06.29"]

1. d4 d5 2. c4 e6 3. cxd5 exd5 4. Nc3 Be7 5. Qc2 c6 6. Nf3 g6 7. Bf4 Bf5 8. Qb3
Qb6 9. e3 Qxb3 10. axb3 Nd7 11. Kd2 Ngf6 12. Bd3 Bxd3 13. Kxd3 Nh5 14. Bg3 O-O
15. Ne2 f5 16. Nf4 Nxf4+ 17. Bxf4 Nf6 18. Bg5 Rfe8 19. Bxf6 Bxf6 20. Rhc1 g5
21. g3 h5 22. Nd2 Re7 23. Ra2 Kf7 24. f4 g4 25. b4 a6 26. Nb3 h4 27. Nc5 Rh8
28. b3 hxg3 29. hxg3 Rh3 30. Rg2 Ke8 31. Kd2 Reh7 32. Rcg1 Be7 33. Nd3 Kd8 34.
Kc3 Kc7 35. Rf1 Kb6 36. Ne5 Kb5 37. Nd3 Rh2 38. Rff2 Rh1 39. Ra2 R7h3 40. Nf2
Re1 41. Nxh3 gxh3 42. Rge2 Bxb4+ 43. Kd3 Rd1+ 44. Kc2 Rg1 45. Kd3 Rxg3 46. Ra1
Bd6 47. Kc2 b6 48. Rh1 c5 49. Rd1 c4 50. Rb1 Kc6 51. bxc4 dxc4 52. Rd1 a5 53.
e4 fxe4 54. Rxe4 Rg2+ 55. Kc3 Kd5 56. Re5+ Bxe5 57. dxe5+ Ke4 58. e6 Re2 59.
Rh1 Re3+ 60. Kxc4 Kxf4 61. Kd5 Kg3 62. Kd6 Kg2 63. Rb1 h2 0-1

[Event "Campeonato Pan-Americano Sub-20 Absoluto"]
[Site "CXSP, São Paulo"]
[Date "2012.07.02"]
[Round "7.17"]
[White "De Almeida, Heitor"]
[Black "Takeda, Lucas Koji"]
[Result "1-0"]
[WhiteElo "2033"]
[BlackElo "1902"]
[PlyCount "69"]
[EventDate "2012.06.29"]

1. d4 d5 2. c4 e6 3. Nc3 Nf6 4. Nf3 Bb4 5. Qa4+ Nc6 6. Bg5 Bd7 7. Qc2 h6 8. Bh4
g5 9. Bg3 Ne4 10. e3 h5 11. h3 Nxg3 12. fxg3 Qe7 13. O-O-O Bxc3 14. Qxc3 O-O-O
15. Bd3 f6 16. e4 Qb4 17. cxd5 Qxc3+ 18. bxc3 exd5 19. exd5 Ne7 20. c4 Bf5 21.
Rhf1 Rhf8 22. Kc2 Bxd3+ 23. Rxd3 b5 24. cxb5 Rxd5 25. a4 Nf5 26. Rf2 Nxg3 27.
Ne5 Ne4 28. Rf1 Kb7 29. Nc6 Re8 30. g4 hxg4 31. hxg4 Rh8 32. Re3 Rh2+ 33. Kd3
Nf2+ 34. Rxf2 Rxf2 35. Re8 1-0

[Event "Campeonato Pan-Americano Sub-20 Absoluto"]
[Site "CXSP, São Paulo"]
[Date "2012.07.02"]
[Round "7.18"]
[White "Gotz, Klaus Seiji Furucho"]
[Black "Araujo, Renan Aparecido"]
[Result "1-0"]
[WhiteElo "1975"]
[BlackElo "1878"]
[PlyCount "133"]
[EventDate "2012.06.29"]

1. d4 Nf6 2. c4 e6 3. Nf3 c5 4. d5 exd5 5. cxd5 d6 6. Nc3 g6 7. Bf4 a6 8. a4
Bg7 9. h3 O-O 10. e3 Re8 11. Be2 Qe7 12. Nd2 Nbd7 13. Nc4 Ne5 14. Nb6 Ra7 15.
Nxc8 Rxc8 16. O-O b6 17. Qc2 Rb7 18. Ra2 c4 19. Rfa1 Nfd7 20. Ne4 Nc5 21. Nxc5
Rxc5 22. Qd2 h6 23. Rc1 b5 24. axb5 axb5 25. Ra6 Qc7 26. e4 b4 27. Bxh6 c3 28.
bxc3 Rxc3 29. Be3 Nc4 30. Bxc4 Qxc4 31. Rxd6 Rxc1+ 32. Qxc1 Qxc1+ 33. Bxc1 b3
34. Rd8+ Kh7 35. f4 b2 36. Bxb2 Bxb2 37. e5 g5 38. g3 gxf4 39. gxf4 Bc1 40. f5
Re7 41. e6 fxe6 42. f6 Rf7 43. dxe6 Be3+ 44. Kg2 Rxf6 45. e7 Re6 46. e8=Q Rxe8
47. Rxe8 Bh6 48. Re6 Kg7 49. Kf3 Bc1 50. Kg4 Bd2 51. Kf5 Bc3 52. Rd6 Bb2 53.
Rc6 Bd4 54. h4 Bf2 55. Kg5 Be3+ 56. Kh5 Bf2 57. Rc7+ Kf6 58. Rc2 Be3 59. Rg2
Kf7 60. Re2 Bd4 61. Kh6 Bg7+ 62. Kh7 Bf6 63. h5 Bd4 64. h6 Bf6 65. Rf2 Ke7 66.
Rxf6 Kxf6 67. Kg8 1-0

[Event "Campeonato Pan-Americano Sub-20 Absoluto"]
[Site "CXSP, São Paulo"]
[Date "2012.07.02"]
[Round "7.20"]
[White "Zarate, Fernandoh"]
[Black "Nolasco, Vitor"]
[Result "1/2-1/2"]
[WhiteElo "1720"]
[BlackElo "1918"]
[PlyCount "34"]
[EventDate "2012.06.29"]

1. d4 d5 2. c4 c6 3. Nf3 Nf6 4. cxd5 cxd5 5. Nc3 Nc6 6. Bf4 a6 7. e3 e6 8. Bd3
Bd6 9. Ne5 Qc7 10. O-O O-O 11. Rc1 Bd7 12. Bg5 Be7 13. f4 g6 14. g4 Qd8 15. h4
Kg7 16. h5 Ng8 17. Bxe7 Ngxe7 1/2-1/2

[Event "Campeonato Pan-Americano Sub-20 Absoluto"]
[Site "CXSP, São Paulo"]
[Date "2012.07.02"]
[Round "7.21"]
[White "De Carvalho, Igor Lorenzon"]
[Black "Branchini, Fernando Luis Sakamo"]
[Result "1/2-1/2"]
[WhiteElo "1867"]
[BlackElo "1972"]
[PlyCount "62"]
[EventDate "2012.06.29"]

1. d4 Nf6 2. Nf3 g6 3. c4 Bg7 4. Nc3 O-O 5. Bf4 d6 6. h3 Nfd7 7. e3 e6 8. Be2
Na6 9. Qd2 c5 10. d5 Nc7 11. e4 a6 12. a4 Rb8 13. Bh6 Ne8 14. h4 f6 15. Bxg7
Nxg7 16. h5 g5 17. h6 Ne8 18. Ng1 Kh8 19. f4 gxf4 20. Qxf4 Ne5 21. Nf3 Ng6 22.
Qd2 e5 23. g3 f5 24. O-O-O Nf6 25. exf5 Bxf5 26. Rdf1 Ne4 27. Nxe4 Bxe4 28. Qe3
Bxf3 29. Bxf3 Qe7 30. Kb1 Rf6 31. Bg2 Rbf8 1/2-1/2

[Event "Campeonato Pan-Americano Sub-20 Absoluto"]
[Site "CXSP, São Paulo"]
[Date "2012.07.02"]
[Round "7.22"]
[White "Maranhao, Jose Renato Ruiz"]
[Black "Amato De Vercosa Cha, Joao Pedr"]
[Result "0-1"]
[WhiteElo "2090"]
[BlackElo "1851"]
[PlyCount "94"]
[EventDate "2012.06.29"]

1. e4 c5 2. Nf3 d6 3. Bc4 e6 4. O-O Nf6 5. Re1 Nc6 6. d3 Be7 7. c3 O-O 8. Bb3
b5 9. Nbd2 Bb7 10. Nf1 d5 11. e5 Nd7 12. Ng3 c4 13. Bc2 Re8 14. Bf4 Nf8 15. d4
b4 16. Qd2 Ng6 17. Bg5 Bxg5 18. Nxg5 bxc3 19. bxc3 Nce7 20. h4 h6 21. Nf3 Rb8
22. h5 Nf8 23. Qf4 Qa5 24. Re3 Bc6 25. Nh4 Rb2 26. Bd1 Rxa2 27. Rc1 Ra1 28. Rf3
Rxc1 29. Qxc1 Nh7 30. Bc2 Ng5 31. Rf4 Ne4 32. Rg4 Kf8 33. Nxe4 dxe4 34. Qf4
Qxc3 35. Ng6+ Nxg6 36. hxg6 Re7 37. Bxe4 Qe1+ 38. Kh2 Qxe4 39. Qxe4 Bxe4 40.
Rxe4 c3 41. Re2 Rc7 42. Rc2 a5 43. Kg1 a4 44. Kf1 a3 45. Ke1 a2 46. Rc1 Rb7 47.
Rxc3 a1=Q+ 0-1

[Event "Campeonato Pan-Americano Sub-20 Absoluto"]
[Site "CXSP, São Paulo"]
[Date "2012.07.02"]
[Round "7.23"]
[White "Barros, Guilherme Wang De Fa"]
[Black "Oliveira, Guilherme Martins G"]
[Result "1/2-1/2"]
[WhiteElo "2036"]
[BlackElo "1729"]
[PlyCount "54"]
[EventDate "2012.06.29"]

1. e4 e5 2. Nf3 Nc6 3. Bb5 a6 4. Ba4 Nf6 5. d3 b5 6. Bb3 Be7 7. a4 b4 8. a5 O-O
9. c3 d5 10. Qe2 dxe4 11. dxe4 bxc3 12. bxc3 h6 13. O-O Bd6 14. Rd1 Bg4 15.
Nbd2 Bh5 16. Nf1 Bg6 17. Ng3 Qb8 18. Bc4 Qb7 19. Nh4 Ne7 20. Nxg6 Nxg6 21. Be3
Ne7 22. f3 Qc6 23. Kh1 Rfb8 24. Nf1 Nd7 25. Qa2 Rf8 26. Rdb1 Nc5 27. Rb2 Ra7
1/2-1/2

[Event "Campeonato Pan-Americano Sub-20 Absoluto"]
[Site "CXSP, São Paulo"]
[Date "2012.07.02"]
[Round "7.24"]
[White "Cajahuanca Ramirez, Olindo"]
[Black "Garkauskas, Otto Dmitry"]
[Result "0-1"]
[WhiteElo "1865"]
[BlackElo "2086"]
[PlyCount "52"]
[EventDate "2012.06.29"]

1. e4 c5 2. Nf3 d6 3. d4 cxd4 4. Nxd4 Nf6 5. Nc3 a6 6. Be2 e5 7. Nb3 Be7 8. Be3
O-O 9. g4 Be6 10. Nd5 Nbd7 11. g5 Nxe4 12. Nxe7+ Qxe7 13. Bf3 Nec5 14. Nxc5
Nxc5 15. Bxc5 dxc5 16. h4 e4 17. Be2 f5 18. Qd2 Rad8 19. Qc3 Rd4 20. b3 f4 21.
Rd1 Rfd8 22. f3 exf3 23. Rxd4 cxd4 24. Qxf3 Bd5 25. Qf1 f3 26. Rh2 Re8 0-1

[Event "Campeonato Pan-Americano Sub-20 Absoluto"]
[Site "CXSP, São Paulo"]
[Date "2012.07.02"]
[Round "7.26"]
[White "Jonas, Tiago Filipe Da Silv"]
[Black "Awoki, Daniel Teidi"]
[Result "0-1"]
[WhiteElo "1848"]
[BlackElo "1907"]
[PlyCount "122"]
[EventDate "2012.06.29"]

1. e4 c5 2. Nf3 d6 3. d4 cxd4 4. Nxd4 Nf6 5. Nc3 a6 6. h3 e6 7. g4 h6 8. Bg2
Qc7 9. Be3 Nc6 10. f4 Be7 11. Qd2 Nd7 12. Nxc6 bxc6 13. O-O-O a5 14. f5 Nb6 15.
Qe2 Ba6 16. Qf3 Nc4 17. h4 Qb7 18. b3 Qb4 19. bxc4 Qxc3 20. Bd4 Qxf3 21. Bxf3
e5 22. Be3 Bxc4 23. a3 d5 24. c3 Bxa3+ 25. Kd2 a4 26. Ke1 Bb2 27. exd5 Bxc3+
28. Bd2 Bxd2+ 29. Rxd2 cxd5 30. Bxd5 Bxd5 31. Rxd5 f6 32. Ke2 Ke7 33. Rc1 Rhc8
34. Rb1 Rab8 35. Rbd1 Rd8 36. Ra5 Rxd1 37. Kxd1 Rb4 38. Ra7+ Kf8 39. Ra8+ Kf7
40. Ra7+ Kg8 41. Ra8+ Kh7 42. g5 hxg5 43. hxg5 fxg5 44. Ra7 Kh6 45. Ra6+ Kh5
46. Rg6 Kg4 47. Rxg7 Kxf5 48. Rf7+ Ke4 49. Rg7 Kf4 50. Rf7+ Ke3 51. Rf5 Kd3 52.
Kc1 e4 53. Rd5+ Ke2 54. Rxg5 e3 55. Rg8 Ke1 56. Ra8 e2 57. Kc2 Rf4 58. Re8 a3
59. Rh8 a2 60. Kb2 Kf1 61. Rh1+ Kg2 0-1

[Event "Campeonato Pan-Americano Sub-20 Absoluto"]
[Site "CXSP, São Paulo"]
[Date "2012.07.02"]
[Round "7.27"]
[White "De Carvalho Machado, Fernando"]
[Black "Gomes Silverio, Taua"]
[Result "1/2-1/2"]
[WhiteElo "1846"]
[BlackElo "1665"]
[PlyCount "59"]
[EventDate "2012.06.29"]

1. d4 Nf6 2. Nf3 g6 3. e3 Bg7 4. Be2 O-O 5. b3 d6 6. Bb2 Nbd7 7. O-O Re8 8. c4
c6 9. h3 Qc7 10. Nc3 e5 11. dxe5 dxe5 12. Qc2 Nc5 13. Nd2 Be6 14. Rad1 Rad8 15.
Rfe1 a5 16. Nf1 Rd7 17. Rxd7 Nfxd7 18. Rd1 Rd8 19. Rd2 Nb6 20. Qd1 Rxd2 21.
Qxd2 Qd7 22. Qxd7 Nbxd7 23. Nd2 e4 24. Nd1 f5 25. Bxg7 Kxg7 26. a3 Ne5 27. Nb2
Kf7 28. b4 axb4 29. axb4 Na6 30. b5 1/2-1/2

[Event "Campeonato Pan-Americano Sub-20 Absoluto"]
[Site "CXSP, São Paulo"]
[Date "2012.07.03"]
[Round "8.1"]
[White "Gemy, Jose Daniel"]
[Black "Principe, Alexander"]
[Result "0-1"]
[WhiteElo "2345"]
[BlackElo "2141"]
[PlyCount "74"]
[EventDate "2012.06.29"]

1. d4 Nf6 2. c4 c5 3. d5 b5 4. cxb5 a6 5. b6 Qxb6 6. Nc3 g6 7. Nf3 Bg7 8. e4 d6
9. Nd2 Nbd7 10. Nc4 Qc7 11. Be2 Nb6 12. Ne3 O-O 13. O-O Bb7 14. Rb1 e6 15. b3
exd5 16. exd5 Rfe8 17. Bb2 Nfd7 18. Qc2 f5 19. g3 Nf6 20. Bf3 Qf7 21. Rbd1 Nfd7
22. Ne2 Bxb2 23. Qxb2 g5 24. Bg2 f4 25. Ng4 Qg6 26. h3 Rf8 27. Nh2 Rae8 28. Kh1
Ne5 29. gxf4 gxf4 30. Nf3 Bc8 31. Rg1 Kh8 32. Kh2 Nbd7 33. Bh1 Qh6 34. Nxe5
Nxe5 35. Rd3 f3 36. Rg3 fxe2 37. Rde3 Rxf2+ 0-1

[Event "Campeonato Pan-Americano Sub-20 Absoluto"]
[Site "CXSP, São Paulo"]
[Date "2012.07.03"]
[Round "8.3"]
[White "Cuellar, Diego"]
[Black "Espinoza Palomino, Willyam"]
[Result "1/2-1/2"]
[WhiteElo "2269"]
[BlackElo "2327"]
[PlyCount "90"]
[EventDate "2012.06.29"]

1. e4 e5 2. Nf3 Nc6 3. Bc4 Nf6 4. Ng5 d5 5. exd5 Na5 6. Bb5+ c6 7. dxc6 bxc6 8.
Bd3 h6 9. Ne4 Nh5 10. Nbc3 Nf4 11. Bf1 f5 12. Ng3 Bd6 13. d4 Qe7 14. dxe5 Bxe5
15. Be2 Nxg2+ 16. Kf1 Nh4 17. f4 Bc7 18. a3 O-O 19. b4 Nb7 20. Bc4+ Kh8 21. Qe2
Qxe2+ 22. Ncxe2 Nd6 23. Bd3 Be6 24. Bb2 Bd5 25. Rg1 Nf3 26. Nh5 Nxh2+ 27. Kf2
Bb6+ 28. Kg3 Bxg1 29. Bxg7+ Kh7 30. Bxf8 Rxf8 31. Rxg1 Nf3 32. Rd1 Kg6 33. Nc3
Nd4 34. Nxd5 cxd5 35. Kh4 Nf3+ 36. Kg3 Nd4 37. Kh4 Nf3+ 38. Kh3 Re8 39. Ng3 Re1
40. Rxe1 Nxe1 41. Ne2 Nxd3 42. cxd3 Kf6 43. Nd4 Nb7 44. Nc6 a6 45. Kh4 Nd6 {
(Ilegivel)} 1/2-1/2

[Event "Campeonato Pan-Americano Sub-20 Absoluto"]
[Site "CXSP, São Paulo"]
[Date "2012.07.03"]
[Round "8.4"]
[White "Leiva, Giuseppe"]
[Black "Henriquez Villagra, Cristobal"]
[Result "1-0"]
[WhiteElo "2232"]
[BlackElo "2324"]
[PlyCount "87"]
[EventDate "2012.06.29"]

1. d4 Nf6 2. Nf3 c5 3. d5 d6 4. Nc3 g6 5. e4 Bg7 6. Nd2 O-O 7. Be2 Na6 8. O-O
Nc7 9. a4 b6 10. Nc4 Bb7 11. Bf4 Re8 12. Re1 Rb8 13. Qd2 Nd7 14. Bf1 Ba6 15.
Nb5 Bxb5 16. axb5 Rb7 17. Bxd6 exd6 18. Nxd6 Rb8 19. Nxe8 Nxe8 20. Rxa7 Nd6 21.
b3 Nc8 22. Ra2 Qf6 23. g3 g5 24. Bg2 g4 25. Qf4 Ne5 26. Qxf6 Bxf6 27. Rd1 Nd6
28. c4 h5 29. Kf1 Kg7 30. Ra6 Bd8 31. Rda1 f6 32. Ra8 Rxa8 33. Rxa8 Ndf7 34.
Ke2 Kf8 35. f4 Nd7 36. h3 Ke7 37. Ke3 Kd6 38. hxg4 hxg4 39. Bf1 f5 40. e5+
Ndxe5 41. fxe5+ Kxe5 42. Bd3 Kf6 43. Rxd8 Nxd8 44. Kf4 1-0

[Event "Campeonato Pan-Americano Sub-20 Absoluto"]
[Site "CXSP, São Paulo"]
[Date "2012.07.03"]
[Round "8.6"]
[White "Zavarce, Oscar Enrique"]
[Black "Devescovi Parreira, Pedro Paulo"]
[Result "1/2-1/2"]
[WhiteElo "2192"]
[BlackElo "2085"]
[PlyCount "103"]
[EventDate "2012.06.29"]

1. e4 c5 2. Nf3 Nc6 3. Bb5 g6 4. O-O Bg7 5. Re1 Qb6 6. a4 a6 7. Bxc6 bxc6 8. a5
Qb7 9. Nc3 d6 10. e5 d5 11. d3 Bg4 12. h3 Bxf3 13. Qxf3 e6 14. Qe2 Ne7 15. Na4
Qa7 16. b3 Nf5 17. c3 h5 18. Ba3 Bf8 19. Rac1 Rb8 20. Nb6 h4 21. Rc2 Be7 22.
Rd1 Rxb6 23. axb6 Qxb6 24. Rb1 a5 25. Ra2 O-O 26. Raa1 Rb8 27. Bc1 Qc7 28. Bf4
Bd8 29. Ra4 Rb5 30. Ra3 Qb8 31. Bh2 Bc7 32. Rb2 Kg7 33. Bf4 Kh7 34. g4 hxg3 35.
fxg3 a4 36. g4 Ng7 37. Rxa4 Rxb3 38. Rxb3 Qxb3 39. Ra7 Bb6 40. Rxf7 Qxc3 41.
Kg2 Qd4 42. Bh2 c4 43. dxc4 dxc4 44. Qe1 c3 45. Qh4+ Kg8 46. Qf6 Qd2+ 47. Kg3
Qe1+ 48. Kg2 Qe2+ 49. Kg3 Qe1+ 50. Kg2 Qe2+ 51. Kg3 Qe1+ 52. Kg2 1/2-1/2

[Event "Campeonato Pan-Americano Sub-20 Absoluto"]
[Site "CXSP, São Paulo"]
[Date "2012.07.03"]
[Round "8.7"]
[White "Mandetta, Joao Danilo"]
[Black "Chiari, Arthur Gontijo"]
[Result "0-1"]
[WhiteElo "2132"]
[BlackElo "2008"]
[PlyCount "176"]
[EventDate "2012.06.29"]

1. c4 Nf6 2. g3 g6 3. Bg2 d5 4. cxd5 Nxd5 5. Nc3 Nb6 6. Nf3 Bg7 7. O-O Nc6 8.
d3 O-O 9. Be3 e5 10. Qc1 Re8 11. Rd1 Nd4 12. Bg5 f6 13. Bh6 Bh8 14. Nxd4 exd4
15. Ne4 c6 16. Re1 Qe7 17. Bf4 Be6 18. Bd6 Qd7 19. Ba3 Bd5 20. Qf4 f5 21. Nc5
Qf7 22. Bf1 Rad8 23. b3 Be5 24. Qd2 Nc8 25. Na4 Nd6 26. Bg2 Bxg2 27. Kxg2 Nb5
28. Bb2 Nc7 29. Rac1 Qd5+ 30. Kg1 Bd6 31. e4 dxe3 32. fxe3 Be5 33. Rc5 Qd6 34.
Rxe5 Rxe5 35. Bxe5 Qxe5 36. d4 Qe7 37. Nc3 Ne6 38. Qd3 Ng5 39. Re2 Kg7 40. e4
fxe4 41. Nxe4 Re8 42. Nc3 Qf7 43. Kg2 Rf8 44. Rc2 Qe6 45. Rf2 Qh3+ 46. Kg1 Rxf2
47. Kxf2 Qxh2+ 48. Ke1 Qh1+ 49. Kd2 Nf3+ 50. Ke3 Ng5 51. Qe2 Qg1+ 52. Kd3 Qxg3+
53. Kc2 Qd6 54. Qd3 Ne6 55. d5 cxd5 56. Nxd5 Qc5+ 57. Nc3 Qf5 58. Ne4 Nf4 59.
Qd4+ Kh6 60. Kb2 Ne6 61. Qe3+ Kg7 62. Qc3+ Kh6 63. Qe3+ g5 64. Nc3 b6 65. Qg3
Nf4 66. Qh2+ Qh3 67. Qd2 Qg2 68. Kc1 Qxd2+ 69. Kxd2 Kg6 70. Ke3 h5 71. Nb5 a5
72. Nd6 h4 73. Kf3 Nd5 74. Kg4 Nf6+ 75. Kf3 Kh5 76. Nf5 g4+ 77. Kg2 Nd5 78. Nd6
Kg5 79. a3 Kf4 80. b4 axb4 81. axb4 Nxb4 82. Nc4 Nd5 83. Kh1 b5 84. Nd2 b4 85.
Kh2 Ne3 86. Kg1 g3 87. Kh1 h3 88. Nb3 Ng4 0-1

[Event "Campeonato Pan-Americano Sub-20 Absoluto"]
[Site "CXSP, São Paulo"]
[Date "2012.07.03"]
[Round "8.8"]
[White "Torres, Juan Camilo"]
[Black "Lopez, Jasel"]
[Result "1-0"]
[WhiteElo "2337"]
[BlackElo "2152"]
[PlyCount "71"]
[EventDate "2012.06.29"]

1. d4 Nf6 2. c4 e6 3. Nf3 b6 4. g3 Bb7 5. Bg2 c5 6. d5 exd5 7. Nh4 g6 8. Nc3
Bg7 9. O-O O-O 10. Bg5 Na6 11. Nxd5 Bc6 12. Qd2 Nc7 13. Rad1 Bxd5 14. cxd5 d6
15. Qf4 Re8 16. Rfe1 Rb8 17. e4 Nb5 18. Nf3 Nh5 19. Qh4 Bf6 20. Bxf6 Qxf6 21.
Qxf6 Nxf6 22. a4 Nd4 23. Nxd4 cxd4 24. f4 Rec8 25. e5 Ne8 26. Rxd4 Rc2 27. b3
Rbc8 28. Bf1 R8c3 29. Rc4 Kf8 30. Rxc3 Rxc3 31. Bb5 dxe5 32. fxe5 Nc7 33. Bc4
Ke8 34. e6 fxe6 35. d6 Na8 36. Bb5+ 1-0

[Event "Campeonato Pan-Americano Sub-20 Absoluto"]
[Site "CXSP, São Paulo"]
[Date "2012.07.03"]
[Round "8.11"]
[White "Massarioli, Felipe Alvarenga"]
[Black "Mendonca, Mateus Nakajo"]
[Result "1/2-1/2"]
[WhiteElo "2027"]
[BlackElo "2223"]
[PlyCount "111"]
[EventDate "2012.06.29"]

1. d4 d5 2. c4 c6 3. cxd5 cxd5 4. Nc3 Nc6 5. Nf3 Nf6 6. Bf4 Ne4 7. e3 Nxc3 8.
bxc3 g6 9. Bd3 Bg7 10. O-O O-O 11. Qb3 b6 12. Rac1 Bb7 13. Qa3 Na5 14. Nd2 Rc8
15. Rc2 a6 16. Be2 b5 17. Nb3 Nc4 18. Bxc4 dxc4 19. Nc5 Qb6 20. Nxb7 Qxb7 21.
Qa5 Rfd8 22. a4 Rd5 23. Ra2 bxa4 24. Qxa4 a5 25. Rfa1 e5 26. Bg3 exd4 27. exd4
Rb5 28. h3 Qd5 29. Qc2 Ra8 30. Ra4 Rb3 31. Bc7 Re8 32. Bxa5 Qb5 33. R4a2 h5 34.
Bc7 Qb7 35. Bf4 Re4 36. Ra8+ Kh7 37. R8a7 Re1+ 38. Rxe1 Qxa7 39. Be3 Qa5 40.
Rc1 Bf8 41. Qd2 Ba3 42. Rc2 Bb2 43. Qe2 Qa4 44. Qf3 Kg8 45. Bg5 Rxc3 46. Rxc3
Qa1+ 47. Kh2 Bxc3 48. Qd5 Bxd4 49. Qxc4 Bxf2 50. Qc8+ Kh7 51. Qc1 Qe5+ 52. Qf4
Bd4 53. Qxe5 Bxe5+ 54. Kg1 f6 55. Be3 g5 56. g4 1/2-1/2